Top 20 Honey Producers Quiz Stats

 Plays Quiz not verified by Sporcle

Challenge
Share
Tweet
Embed
Score 0/20 Timer 05:00
0 Plays Today
Rank Country % Correct
1.China
97.3%
2.United States of America
96.1%
8.India
87.5%
6.Mexico
86.5%
7.Russia
83.7%
3.Argentina
82.9%
12.Canada
82.5%
15.Brazil
82.4%
10.Spain
77.8%
20.Germany
76.9%
Rank Country % Correct
4.Turkey
76.7%
11.Iran
69.8%
5.Ukraine
66.5%
19.Romania
47.8%
13.South Korea
45.1%
18.Hungary
38.8%
9.Ethiopia
38.6%
17.Kenya
38.6%
14.Tanzania
31%
16.Angola
21.2%

You're not logged in!

Compare scores with friends on all Sporcle quizzes.
Join for Free
OR
Log In

You Might Also Like...

Show Comments

Extras

Top Quizzes Today


Score Distribution

Your Account Isn't Verified!

In order to create a playlist on Sporcle, you need to verify the email address you used during registration. Go to your Sporcle Settings to finish the process.

Report this User

Report this user for behavior that violates our Community Guidelines.

Details: